Aprendizajes y didácticas: qué hay de nuevo

Enregistré dans:
Détails bibliographiques
Auteur principal: Vergnaud, Gérard (Auteur)
Format: Livre
Langue:espagnol
Publié: Buenos Aires Edicial 1997
Collection:Colección Referencias Pedagógicas
Sujets:
Tags: Ajouter un tag
Pas de tags, Soyez le premier à ajouter un tag!

MARC

LEADER 00000nam a2200000 a 4500
001 UCQ2580
003 CL-VaPUC
008 980724e19970000AG |||||||||||||||||spa|d
082 0 4 |a 370.152  |b VER  |2 21 
100 0 |a Vergnaud, Gérard  |e author  |9 416549 
245 1 0 |a Aprendizajes y didácticas: qué hay de nuevo 
300 |a 252 p 
942 |c BK 
945 |d 19980724 00:00:00  |a aarredon 
260 |a Buenos Aires  |b Edicial  |c 1997 
650 0 |a Psicología del aprendizaje  |9 306854 
650 0 |a Metodología   |9 256610 
650 0 |a Psicología educacional   |9 307830 
650 0 |a Didáctica   |9 369923 
650 0 |a Enseñanza  |9 256457 
650 7 |a RENDIMIENTO  |2 CL-VaPUC  |9 260872 
583 |a last modification  |c 19980724 00:00:00  |k Rodrigo Vera 
490 0 |a Colección Referencias Pedagógicas 
999 |c 273382  |d 273380 
952 |0 0  |1 0  |4 0  |6 370_152000000000000_VER_1997  |7 0  |8 A  |9 308896  |a BIBEDU  |b BIBEDU  |d 2019-11-20  |i 3445836  |o 370.152 VER 1997  |p 3445836  |r 2019-11-20  |w 2019-11-20  |y BK  |k EDU